Alle Nobelpreisträger für Physik - Statistiken

Allgemein
  • Dieses Quiz wurde 14 mal gespielt
    8 seit der letzten Aktualisierung
  • Das Durchschnittsergebnis liegt bei 11 aus 230
Antwortstatistiken
Jahr Name Land Land Grund % Korrekt
1921 Albert Einstein Deutsches Reich Schweiz Gesetz des photoelektrischen Effekts
100%
1903 Marie Curie Frankreich Forschung an Strahlungsphänomenen
100%
1903 Pierre Curie Frankreich Forschung an Strahlungsphänomenen
100%
1918 Max Planck Deutsches Reich Entdeckung der Energiequanten
86%
1901 Wilhelm Conrad Röntgen Deutsches Reich Entdeckung der Röntgenstrahlen
71%
1975 Aage Niels Bohr Dänemark Struktur des Atomkerns
43%
1922 Niels Bohr Dänemark Struktur der Atome
43%
1909 Karl Ferdinand Braun Deutsches Reich Beiträge zur drahtlosen Telegrafie
29%
1958 Pawel Tscherenkow Sowjetunion Entdeckung des Tscherenkow-Effekts
29%
1961 Rudolf Mößbauer BR Deutschland Mößbauer-Effekt
29%
1932 Werner Heisenberg Deutsches Reich Begründung der Quantenmechanik
29%
1907 Albert A. Michelson USA Optische Präzisionsinstrumente
14%
1927 Arthur Holly Compton USA Entdeckung des Compton-Effekts
14%
1973 Brian D. Josephson Vereinigtes Königreich Eigenschaften des Josephson-Stroms
14%
1927 Charles Thomson Rees Wilson Vereinigtes Königreich Wilsonsche Nebelkammer
14%
1930 C. V. Raman Indien Entdeckung des Raman-Effekts
14%
1933 Erwin Schrödinger Österreich Entdeckung neuer Atomtheorien
14%
1952 Felix Bloch USA Kernmagnetische Präzisionsmessungen
14%
2009 George E. Smith USA CCD-Sensor
14%
1937 George Paget Thomson Vereinigtes Königreich Elektronenbeugung an Kristallen
14%
1925 Gustav Hertz Deutsches Reich Gesetze beim Elektronenstoß
14%
1958 Ilja Frank Sowjetunion Interpretation des Tscherenkow-Effekts
14%
1925 James Franck Deutsches Reich Gesetze beim Elektronenstoß
14%
1919 Johannes Stark Deutsches Reich Stark-Effekt bei Kanallinien
14%
2005 John L. Hall USA Laser-Präzisionsspektroskopie
14%
1906 Joseph John Thomson Vereinigtes Königreich Elektrizitätsleitung durch Gase
14%
1982 Kenneth Wilson USA Kritische Phänomene (Phasenübergänge)
14%
2017 Kip Thorne USA Nachweis von Gravitationswellen
14%
1929 Louis de Broglie Frankreich Wellenlänge der Elektronen
14%
1963 Maria Goeppert-Mayer USA Schalenmodell des Atomkerns
14%
1928 Owen Willans Richardson Vereinigtes Königreich Richardson-Gesetz der Glühemission
14%
2013 Peter Higgs Vereinigtes Königreich Higgs-Mechanismus
14%
1905 Philipp Lenard Deutsches Reich Arbeiten über Kathodenstrahlen
14%
1965 Richard Feynman USA Quantenelektrodynamik
14%
1996 Robert C. Richardson USA Superfluidität in Helium-3
14%
1978 Robert Wilson USA Kosmische Mikrowellenhintergrundstrahlung
14%
1911 Wilhelm Wien Deutsches Reich Gesetze der Wärmestrahlung
14%
1989 Wolfgang Paul BR Deutschland Ionenfallentechnik
14%
1945 Wolfgang Pauli Österreich Entdeckung des Pauli-Prinzips
14%
1979 Abdus Salam Pakistan Elektroschwache Wechselwirkung
0%
2011 Adam Riess USA Beschleunigte Expansion des Universums
0%
2022 Alain Aspect Frankreich Verschränkte Photonen, Bell-Ungleichung
0%
2007 Albert Fert Frankreich Riesenmagnetowiderstand (GMR)
0%
1964 Alexander Prochorow Sowjetunion Quantenelektronik (Maser-Laser-Prinzip)
0%
2003 Alexei Abrikossow Russland USA Theorie der Supraleiter
0%
1966 Alfred Kastler Frankreich Optisches Pumpen
0%
2020 Andrea Ghez USA Supermassereiches kompaktes Objekt
0%
2010 Andre Geim Niederlande Vereinigtes Königreich Entdeckung von Graphen
0%
2023 Anne L’Huillier Frankreich Schweden Attosekunden-Lichtimpulse
0%
2003 Anthony J. Leggett Vereinigtes Königreich USA Theorie der Superflüssigkeiten
0%
1974 Antony Hewish Vereinigtes Königreich Entdeckung der Pulsare
0%
2022 Anton Zeilinger Österreich Verschränkte Photonen, Bell-Ungleichung
0%
1978 Arno Penzias USA Kosmische Mikrowellenhintergrundstrahlung
0%
2018 Arthur Ashkin USA Optische Pinzetten
0%
2015 Arthur B. McDonald Kanada Neutrinooszillationen
0%
1981 Arthur L. Schawlow USA Laserspektroskopie
0%
2017 Barry Barish USA Nachweis von Gravitationswellen
0%
1975 Ben Mottelson Dänemark Struktur des Atomkerns
0%
1994 Bertram Brockhouse Kanada Neutronenspektroskopie
0%
2011 Brian P. Schmidt USA Australien Beschleunigte Expansion des Universums
0%
1976 Burton Richter USA Entdeckung des J/ψ-Mesons
0%
1936 Carl David Anderson USA Entdeckung des Positrons
0%
1984 Carlo Rubbia Italien Entdeckung der W/Z-Bosonen
0%
2001 Carl Wieman USA Bose-Einstein-Kondensation
0%
1950 Cecil Powell Vereinigtes Königreich Fotografische Methode für Kernprozesse
0%
1920 Charles Édouard Guillaume Schweiz Anomalien bei Nickelstahllegierungen
0%
1917 Charles Glover Barkla Vereinigtes Königreich Charakteristische Röntgenstrahlung
0%
1964 Charles H. Townes USA Quantenelektronik (Maser-Laser-Prinzip)
0%
2009 Charles Kuen Kao Vereinigtes Königreich USA Lichtleitung in Glasfasern
0%
1957 Chen Ning Yang China Paritätsverletzung bei schwacher Wechselwirkung
0%
1997 Claude Cohen-Tannoudji Frankreich Laserkühlung von Atomen
0%
1994 Clifford Shull USA Neutronenbeugung
0%
1937 Clinton Davisson USA Elektronenbeugung an Kristallen
0%
1998 Daniel C. Tsui USA Fraktionierter Quanten-Hall-Effekt
0%
2004 David Gross USA Asymptotische Freiheit
0%
2016 David J. Thouless Vereinigtes Königreich Topologische Phasenübergänge
0%
1996 David M. Lee USA Superfluidität in Helium-3
0%
2012 David Wineland USA Manipulation einzelner Quantensysteme
0%
1971 Dennis Gabor Vereinigtes Königreich Erfindung der Holografie
0%
2019 Didier Queloz Schweiz Exoplanet um sonnenähnlichen Stern
0%
1960 Donald A. Glaser USA Erfindung der Blasenkammer
0%
2018 Donna Strickland Kanada Hochenergetische ultrakurze Laserimpulse
0%
1996 Douglas D. Osheroff USA Superfluidität in Helium-3
0%
1952 Edward Mills Purcell USA Kernmagnetische Präzisionsmessungen
0%
1947 Edward Victor Appleton Vereinigtes Königreich Physik der oberen Atmosphäre
0%
1959 Emilio Segrè USA Entdeckung des Antiprotons
0%
1938 Enrico Fermi Königreich Italien Künstliche Radioaktivität durch Neutronen
0%
2001 Eric Cornell USA Bose-Einstein-Kondensation
0%
1939 Ernest Lawrence USA Erfindung des Zyklotrons
0%
1951 Ernest Walton Irland Transmutation von Atomkernen
0%
1986 Ernst Ruska BR Deutschland Elektronenmikroskopie
0%
1963 Eugene Wigner USA Symmetrieprinzipien in der Atomphysik
0%
2016 F. Duncan M. Haldane Vereinigtes Königreich Topologische Phasenübergänge
0%
2023 Ferenc Krausz Ungarn Österreich Attosekunden-Lichtimpulse
0%
2013 François Englert Belgien Higgs-Mechanismus
0%
2004 Frank Wilczek USA Asymptotische Freiheit
0%
1995 Frederick Reines USA Nachweis des Neutrinos
0%
1953 Frits Zernike Niederlande Phasenkontrastmethode
0%
1908 Gabriel Lippmann Frankreich Farbfotografie durch Interferenz
0%
2024 Geoffrey Hinton Kanada Vereinigtes Königreich Künstliche neuronale Netze
0%
2006 George F. Smoot USA Kosmische Hintergrundstrahlung
0%
1992 Georges Charpak Frankreich Vieldraht-Proportionalkammer
0%
2018 Gérard Mourou Frankreich Hochenergetische ultrakurze Laserimpulse
0%
1999 Gerardus ’t Hooft Niederlande Quantenstruktur elektroschwacher Wechselwirkung
0%
1986 Gerd Binnig BR Deutschland Rastertunnelmikroskop
0%
2021 Giorgio Parisi Italien Komplexe physikalische Systeme
0%
1909 Guglielmo Marconi Italien Beiträge zur drahtlosen Telegrafie
0%
1912 Gustaf Dalén Schweden Automatischer Regler für Gasleuchttürme
0%
1970 Hannes Alfvén Schweden Magnetohydrodynamik
0%
1967 Hans Bethe USA Energieerzeugung in Sternen
0%
1989 Hans Dehmelt USA Ionenfallentechnik
0%
2004 H. David Politzer USA Asymptotische Freiheit
0%
1913 Heike Kamerlingh Onnes Niederlande Untersuchungen bei tiefen Temperaturen
0%
1986 Heinrich Rohrer Schweiz Rastertunnelmikroskop
0%
1902 Hendrik Lorentz Niederlande Magnetismus auf Strahlungsphänomene
0%
1903 Henri Becquerel Frankreich Entdeckung der spontanen Radioaktivität
0%
1990 Henry W. Kendall USA Tiefinelastische Elektronenstreuung
0%
2000 Herbert Kroemer Deutschland Halbleiterheterostrukturen
0%
1949 Hideki Yukawa Japan Vorhersage der Mesonen
0%
2014 Hiroshi Amano Japan Blau leuchtende Leuchtdioden
0%
1998 Horst L. Störmer Deutschland Fraktionierter Quanten-Hall-Effekt
0%
1958 Igor Tamm Sowjetunion Interpretation des Tscherenkow-Effekts
0%
2014 Isamu Akasaki Japan Blau leuchtende Leuchtdioden
0%
1944 Isidor Isaac Rabi USA Resonanzmethode für Kernmagnetismus
0%
1973 Ivar Giaever USA Tunnelphänomene in Supraleitern
0%
2000 Jack Kilby USA Integrierter Schaltkreis
0%
1988 Jack Steinberger USA Myon-Neutrino
0%
1935 James Chadwick Vereinigtes Königreich Entdeckung des Neutrons
0%
1980 James Cronin USA Verletzung fundamentaler Symmetrieprinzipien
0%
2019 James Peebles Kanada USA Physikalische Kosmologie
0%
1975 James Rainwater USA Struktur des Atomkerns
0%
1926 Jean Perrin Frankreich Diskontinuierliche Struktur der Materie
0%
1990 Jerome I. Friedman USA Tiefinelastische Elektronenstreuung
0%
1987 J. Georg Bednorz BR Deutschland Hochtemperatur-Supraleitung in Keramiken
0%
1963 J. Hans D. Jensen BR Deutschland Schalenmodell des Atomkerns
0%
2016 J. Michael Kosterlitz Vereinigtes Königreich Topologische Phasenübergänge
0%
1910 Johannes D. van der Waals Niederlande Zustandsgleichung der Gase, Flüssigkeiten
0%
1956 John Bardeen USA Entdeckung des Transistoreffekts
0%
1972 John Bardeen USA Theorie der Supraleitung (BCS)
0%
2025 John Clarke Vereinigtes Königreich makroskopische quantenmechanische Tunnel
0%
2022 John Clauser USA Verschränkte Photonen, Bell-Ungleichung
0%
2006 John C. Mather USA Kosmische Hintergrundstrahlung
0%
1951 John Cockcroft Vereinigtes Königreich Transmutation von Atomkernen
0%
2024 John Hopfield USA Künstliche neuronale Netze
0%
1977 John H. van Vleck USA Elektronische Struktur ungeordneter Systeme
0%
2025 John M. Martinis USA makroskopische quantenmechanische Tunnel
0%
1972 John Robert Schrieffer USA Theorie der Supraleitung (BCS)
0%
1993 Joseph H. Taylor Jr. USA Binärer Pulsar, Gravitationsstrahlung
0%
1965 Julian Schwinger USA Quantenelektrodynamik
0%
1981 Kai Siegbahn Schweden Elektronenspektroskopie
0%
1987 K. Alex Müller Schweiz Hochtemperatur-Supraleitung in Keramiken
0%
2021 Klaus Hasselmann Deutschland Klimamodellierung
0%
1985 Klaus von Klitzing BR Deutschland Quanten-Hall-Effekt
0%
2010 Konstantin Novoselov Russland Vereinigtes Königreich Entdeckung von Graphen
0%
1973 Leo Esaki Japan Tunnelphänomene in Halbleitern
0%
1972 Leon Cooper USA Theorie der Supraleitung (BCS)
0%
1988 Leon M. Lederman USA Myon-Neutrino
0%
1962 Lew Landau Sowjetunion Theorien kondensierter Materie (Helium)
0%
1904 Lord Rayleigh Vereinigtes Königreich Dichte von Gasen, Argon
0%
1970 Louis Néel Frankreich Antiferromagnetismus und Ferrimagnetismus
0%
1968 Luis Alvarez USA Entdeckung zahlreicher Resonanzzustände
0%
2008 Makoto Kobayashi Japan Ursprung der CP-Verletzung
0%
1924 Manne Siegbahn Schweden Röntgenspektroskopische Entdeckungen
0%
1995 Martin L. Perl USA Entdeckung des Tau-Leptons
0%
1974 Martin Ryle Vereinigtes Königreich Apertursynthese-Technik
0%
1999 Martinus Veltman Niederlande Quantenstruktur elektroschwacher Wechselwirkung
0%
2002 Masatoshi Koshiba Japan Kosmische Neutrinos
0%
1954 Max Born Vereinigtes Königreich Statistische Interpretation der Quantenmechanik
0%
1914 Max von Laue Deutsches Reich Beugung von Röntgenstrahlen
0%
1988 Melvin Schwartz USA Myon-Neutrino
0%
2025 Michel Devoret Frankreich makroskopische quantenmechanische Tunnel
0%
2019 Michel Mayor Schweiz Exoplanet um sonnenähnlichen Stern
0%
1969 Murray Gell-Mann USA Klassifizierung der Elementarteilchen
0%
1977 Nevill F. Mott Vereinigtes Königreich Elektronische Struktur ungeordneter Systeme
0%
1981 Nicolaas Bloembergen USA Laserspektroskopie
0%
1964 Nikolai Bassow Sowjetunion Quantenelektronik (Maser-Laser-Prinzip)
0%
1989 Norman Ramsey USA Atomuhren
0%
1943 Otto Stern USA Magnetisches Moment des Protons
0%
1959 Owen Chamberlain USA Entdeckung des Antiprotons
0%
1948 Patrick Blackett Vereinigtes Königreich Weiterentwicklung der Nebelkammer-Methode
0%
1933 Paul Dirac Vereinigtes Königreich Entdeckung neuer Atomtheorien
0%
1946 Percy Williams Bridgman USA Physik der hohen Drücke
0%
2007 Peter Grünberg Deutschland Riesenmagnetowiderstand (GMR)
0%
1977 Philip W. Anderson USA Elektronische Struktur ungeordneter Systeme
0%
2023 Pierre Agostini Frankreich USA Attosekunden-Lichtimpulse
0%
1991 Pierre-Gilles de Gennes Frankreich Flüssigkristalle, Polymere
0%
1902 Pieter Zeeman Niederlande Magnetismus auf Strahlungsphänomene
0%
1978 Pjotr Kapiza Sowjetunion Tieftemperaturphysik
0%
1955 Polykarp Kusch USA Magnetisches Moment des Elektrons
0%
2017 Rainer Weiss USA Nachweis von Gravitationswellen
0%
2002 Raymond Davis Jr. USA Kosmische Neutrinos
0%
2020 Reinhard Genzel Deutschland Supermassereiches kompaktes Objekt
0%
2002 Riccardo Giacconi USA Kosmische Röntgenquellen
0%
1990 Richard E. Taylor Kanada Tiefinelastische Elektronenstreuung
0%
1923 Robert Andrews Millikan USA Elektrische Elementarladung
0%
1998 Robert B. Laughlin USA Fraktionierter Quanten-Hall-Effekt
0%
1961 Robert Hofstadter USA Struktur der Nukleonen
0%
2020 Roger Penrose Vereinigtes Königreich Theorie schwarzer Löcher
0%
2005 Roy J. Glauber USA Quantentheorie optischer Kohärenz
0%
1993 Russell Hulse USA Binärer Pulsar, Gravitationsstrahlung
0%
1976 Samuel C. C. Ting USA Entdeckung des J/ψ-Mesons
0%
2011 Saul Perlmutter USA Beschleunigte Expansion des Universums
0%
1983 S. Chandrasekhar USA Struktur und Entwicklung der Sterne
0%
2000 Schores Alferow Russland Halbleiterheterostrukturen
0%
2012 Serge Haroche Frankreich Manipulation einzelner Quantensysteme
0%
1979 Sheldon Glashow USA Elektroschwache Wechselwirkung
0%
1965 Shin’ichirō Tomonaga Japan Quantenelektrodynamik
0%
2014 Shuji Nakamura USA Blau leuchtende Leuchtdioden
0%
1984 Simon van der Meer Niederlande Entdeckung der W/Z-Bosonen
0%
1997 Steven Chu USA Laserkühlung von Atomen
0%
1979 Steven Weinberg USA Elektroschwache Wechselwirkung
0%
2021 Syukuro Manabe USA Klimamodellierung
0%
2015 Takaaki Kajita Japan Neutrinooszillationen
0%
2005 Theodor Hänsch Deutschland Laser-Präzisionsspektroskopie
0%
2008 Toshihide Masukawa Japan Ursprung der CP-Verletzung
0%
1957 Tsung-Dao Lee China Paritätsverletzung bei schwacher Wechselwirkung
0%
1980 Val Fitch USA Verletzung fundamentaler Symmetrieprinzipien
0%
1936 Victor Franz Hess Österreich Entdeckung der kosmischen Strahlung
0%
1956 Walter Brattain USA Entdeckung des Transistoreffekts
0%
1954 Walther Bothe BR Deutschland Koinzidenzmethode
0%
2009 Willard Boyle Kanada USA CCD-Sensor
0%
1997 William D. Phillips USA Laserkühlung von Atomen
0%
1983 William Fowler USA Kernreaktionen im Universum
0%
1915 William Henry Bragg Vereinigtes Königreich Analyse von Kristallstrukturen
0%
1915 William Lawrence Bragg Vereinigtes Königreich Analyse von Kristallstrukturen
0%
1956 William Shockley USA Entdeckung des Transistoreffekts
0%
1955 Willis Lamb USA Feinstruktur des Wasserstoffspektrums
0%
2003 Witali Ginsburg Russland Theorie der Supraleiter
0%
2001 Wolfgang Ketterle Deutschland Bose-Einstein-Kondensation
0%
2008 Yoichiro Nambu USA Spontane Symmetriebrechung
0%
Keine übereinstimmenden Quizze gefunden
Verteilung der Resultate
Anzahl Personen mit jedem Resultat
Perzentil nach korrekt beantworteten Fragen
Ihre Resultats-Entwicklung
Sie haben dieses Quiz seit der letzten Aktualisierung nicht gespielt